000 00391nam a22001697a 4500
003 OSt
005 20220128110545.0
008 220128b |||||||| |||| 00| 0 eng d
020 _a8189652613
040 _cHU
082 _2658.1519
100 _aFINANCIAL MANAGEMENT
_929016
245 _aFINANCIAL MANAGEMENT
260 _aDELHI
_bVIHAR
_c2006
300 _a274
942 _2ddc
_cBOOKS
_n0
999 _c28337
_d28337